La economía política de las relaciones internacionales

Saved in:
Bibliografiske detaljer
Hovedforfatter: Gilpin, Robert (Author)
Format: Bog
Sprog:spansk
Udgivet: Buenos Aires GEL 1990
Serier:Estudios Internacionales
Fag:
Tags: Tilføj Tag
Ingen Tags, Vær først til at tagge denne postø!

MARC

LEADER 00000nam a2200000 a 4500
001 UCV2834
003 CL-VaPUC
008 921126e19900000AG |||||||||||||||||spa|d
082 0 4 |a 337  |b GIL  |2 21 
100 |a Gilpin, Robert  |e author  |9 452105 
245 1 3 |a La economía política de las relaciones internacionales 
300 |a 449 p 
942 |c BK 
945 |d 19921126 00:00:00 
260 |a Buenos Aires  |b GEL  |c 1990 
650 0 |a Economía internacional  |9 258254 
650 0 |a Finanzas internacionales   |9 255570 
583 |a last modification  |c 19921126 00:00:00  |k Rodrigo Vera 
490 0 |a Estudios Internacionales 
999 |c 210307  |d 210305 
952 |0 0  |1 0  |4 0  |6 337_000000000000000_GIL_1990  |7 0  |8 A  |9 186436  |a BIBDER  |b BIBDER  |d 2019-11-14  |i 2539179  |o 337 GIL 1990  |p 2539179  |r 2023-01-25  |w 2019-11-14  |y BK  |k DER 
952 |0 0  |1 0  |4 0  |6 337_000000000000000_GIL_1990  |7 0  |8 A  |9 186437  |a BIBENE  |b BIBENE  |d 2019-11-14  |i 2539187  |o 337 GIL 1990  |p 2539187  |r 2025-01-15  |w 2019-11-14  |y BK  |k ICO